000
00305nam a2200145Ia 4500
100
_a
Sunderraman/ Rajsehkar
942
_c
BK
654
_a
computer
245
_a
Oracle 8 Programming
260
_b
Pearson Edu
_c
2000
082
_a
005.133'O'
_b
SUN
300
_a
334
546
_a
ENGLISH
999
_c
21472
_d
21472